| 000 | 00452nam a2200181 i 4500 | ||
|---|---|---|---|
| 001 | bg | ||
| 100 | 1 | _aKASPRZYK, Leszek | |
| 245 | 0 |
_aWprowadzenie do filozofii / _cLeszek Kasprzyk, Adam Węgrzecki. |
|
| 260 |
_aWarszawa, _c1985. |
||
| 650 | 9 | _aFilozofia | |
| 655 | _aPodręczniki akademickie | ||
| 700 | 1 | _aWĘGRZECKI, Adam | |
| 040 | _cBPK | ||
| 041 | _apol | ||
| 080 | _a1(075.8) | ||
| 942 | _cKS | ||
| 008 | s pl f |000 0 pol | ||
| 999 |
_c28391 _d28391 |
||
| 856 |
_uhttp://koha.tu.koszalin.pl/cgi-bin/koha/opac-detail.pl?biblionumber=28391 _yKatalog online BPK |
||